000 00773cam a2200241Ii 4500
001 Rebiun23166301
003 AR-RoIUNI
005 20260203163856.0
008 260203s2019 it 000 0 ita d
020 _a9791259801180
_qEd. per insegnanti
040 _cIUNIR
080 _a811.131.1
100 1 _aCernigliaro, Maria Angela
245 1 0 _aNuovissimo progetto italiano
_bCorso di lingua e civiltà italiana
_cMaria Angela Cernigliaro, Telis Marin
_n4
_pC2, libro dello studente
246 0 3 _aProgetto italiano 4
250 _a1a. ed., 1a. reimp.
260 _aRoma
_bEdilingua
_c2022
300 _a252 p.
_bil.
_c29 cm +
_e(1 CD)
500 _aEn la cub.: Edizione per insegnanti
650 0 0 _aItaliano
_xLengua
_9544
700 _aMarin, Telis
942 _2cdu
_cBK
999 _c6373
_d6373